World Cities Quiz - IMPOSSIBLE - Statistics

General Stats
  • This quiz has been taken 384 times
  • The average score is 9 of 24
Answer Stats
Cities Country % Correct
Surrey, Thunder Bay, Moncton Canada
71%
Kolding, Horsens, Skagen Denmark
66%
Lucknow, Mysore, Ludhiana India
61%
Herculaneum, Matera, Ravenna Italy
59%
Arica, Talca, Los Andes Chile
57%
Hue, Pleiku, Kon Tum Vietnam
54%
Batam, Banda Aceh, Depok Indonesia
52%
Sintra, Viseu, Faro Portugal
52%
Ordos City, Guilin, Jilin City China
50%
Biskra, El Qued, Oran Algeria
48%
Mons, Mechelen, Dinant Belgium
47%
Bendigo, Queanbeyan, Launceston Australia
39%
Sligo, Ennis, Tuam Ireland
39%
Chiclayo, Piura, Chan Chan Peru
35%
Valmiera, Ventspils, Tukums Latvia
34%
Blantyre, Nkhata Bay, Mzuzu Malawi
28%
Dalanzadgad, Tsetserleg, Sainshand Mongolia
25%
Nadi, Sigatoka, Ba Fiji
22%
Agadez, Zinder, Tahoua Niger
21%
Loja, Salinas, Babahoyo Ecuador
20%
Pemba, Xai-Xai, Quelimane Mozambique
20%
Masaya, Matagalpa, Bluefields Nicaragua
19%
Nioro Cercle, Kayes, Bandiagara Mali
12%
Port Kamsar, Kankan, Coyah Guinea
11%
No matching quizzes found
Score Distribution
Percent of People with Each Score
Percentile by Number Answered
Your Score History
You have not taken this quiz